[Event "4NCL/Div4/OXF2 vs. KJCAK"]
[Site "Wokefield Park ENG"]
[Date "2008.05.03"]
[Round "9.3"]
[White "Bruce, Dave"]
[Black "Bayliss, Lyall C P"]
[Result "0-1"]
[WhiteElo "2084"]
[BlackElo "1961"]
[PlyCount "60"]
[EventDate "2008.05.03"]
[EventType "team"]
[EventRounds "11"]
[EventCountry "ENG"]
[SourceDate "2007.09.15"]

1. e4 e5 2. Nf3 Nc6 3. Bc4 Bc5 4. c3 Nf6 5. d3 a6 6. O-O O-O 7. Nbd2 d6 8. Bb3
b5 9. a4 Bb7 10. h3 d5 11. exd5 Nxd5 12. Re1 Nf4 13. d4 exd4 14. Ne4 Bd6 15.
axb5 axb5 16. Rxa8 Bxa8 17. Nfg5 Na5 18. Nxf7 Rxf7 19. Nxd6 Nxb3 20. Re8+ Qxe8
21. Nxe8 Nxc1 22. Qg4 Nce2+ 23. Kh2 Bxg2 24. Qc8 g5 25. Nxc7+ Rf8 26. Qg4 h6
27. h4 Bh3 28. Qf3 g4 29. Qc6 d3 30. Nd5 Bg2 0-1

[Event "4NCL/Div4/OXF2 vs. KJCAK"]
[Site "Wokefield Park ENG"]
[Date "2008.05.03"]
[Round "9.4"]
[White "Lunn, Matt"]
[Black "Duggan, Chris"]
[Result "1/2-1/2"]
[WhiteElo "1822"]
[BlackElo "2058"]
[PlyCount "48"]
[EventDate "2008.05.03"]
[EventType "team"]
[EventRounds "11"]
[EventCountry "ENG"]
[SourceDate "2007.09.15"]

1. d4 Nf6 2. c4 e6 3. Nc3 Bb4 4. Qc2 d5 5. a3 Bxc3+ 6. Qxc3 Ne4 7. Qc2 Nc6 8.
e3 e5 9. Nf3 Bf5 10. Bd3 exd4 11. exd4 O-O 12. O-O Re8 13. Be3 dxc4 14. Qxc4
Qf6 15. d5 Nd6 16. Qc2 {=} Ne7 17. Bxf5 Ndxf5 18. Rad1 Nxe3 19. fxe3 Qb6 20.
Kh1 c6 21. Ng5 g6 22. d6 Nd5 23. Qf2 f5 24. Qh4 h5 1/2-1/2

[Event "4NCL/Div4/OXF2 vs. KJCAK"]
[Site "Wokefield Park ENG"]
[Date "2008.05.03"]
[Round "9.5"]
[White "Chapman, Graham W"]
[Black "Maguire, Robert"]
[Result "1-0"]
[WhiteElo "2040"]
[BlackElo "1703"]
[PlyCount "65"]
[EventDate "2008.05.03"]
[EventType "team"]
[EventRounds "11"]
[EventCountry "ENG"]
[SourceDate "2007.09.15"]

1. e4 e5 2. Nf3 Nc6 3. Bb5 a6 4. Ba4 Nf6 5. d4 exd4 6. O-O Be7 7. Re1 b5 8. Bb3
d6 9. Bd5 Nxd5 10. exd5 Ne5 11. Nxd4 Bd7 12. Nc3 O-O 13. Bf4 Ng6 14. Bg3 b4 15.
Nce2 f5 16. f4 Bf6 17. Qd3 Ne7 18. c4 bxc3 19. Nxc3 Qb8 20. Rab1 Qb6 21. Bf2
Qb7 22. Qc4 Kh8 23. Re2 Rab8 24. Rbe1 Bb5 25. Ncxb5 axb5 26. Qb3 Nxd5 27. Ne6
Rg8 28. Qh3 g6 29. Rd1 Rge8 30. Bh4 Bxb2 31. Qb3 Bf6 32. Rxd5 Bxh4 33. Qb2+ 1-0

[Event "4NCL/Div4/OXF2 vs. KJCAK"]
[Site "Wokefield Park ENG"]
[Date "2008.05.03"]
[Round "9.6"]
[White "Gahir, Jasdeep"]
[Black "Ludbrook, Matt"]
[Result "1-0"]
[WhiteElo "1715"]
[BlackElo "2034"]
[PlyCount "103"]
[EventDate "2008.05.03"]
[EventType "team"]
[EventRounds "11"]
[EventCountry "ENG"]
[SourceDate "2007.09.15"]

1. e4 e6 2. d4 d5 3. Nc3 Bb4 4. e5 c5 5. a3 Bxc3+ 6. bxc3 Ne7 7. Qg4 O-O 8. Bd3
Qa5 9. Ne2 Nbc6 10. Bg5 cxd4 11. Bxh7+ Kxh7 12. Qh4+ Kg8 13. Bxe7 Nxe7 14. Qxe7
dxc3 15. h4 Qa4 16. h5 Qxc2 17. h6 Qd2+ 18. Kf1 gxh6 19. f4 Qd3 20. Rxh6 Qf5
21. Qh4 Kg7 22. Kf2 Bd7 23. Rh1 Rg8 24. Rh7+ Kf8 25. Rh8 Qg6 26. Rxg8+ Qxg8 27.
Qf6 Bb5 28. Rh8 Bxe2 29. Kxe2 Rc8 30. Qh6+ Ke7 31. Rxg8 Rxg8 32. Kd3 d4 33.
Qf6+ Ke8 34. f5 Rg3+ 35. Kxd4 c2 36. fxe6 fxe6 37. Qxe6+ Kd8 38. Qd6+ Ke8 39.
e6 Rg7 40. Qb8+ Ke7 41. Qxb7+ Kf6 42. Qb2 Rc7 43. Kd3+ Kxe6 44. Qxc2 Rxc2 45.
Kxc2 Ke5 46. Kc3 Kf4 47. Kc4 Kg3 48. Kb5 Kxg2 49. Ka6 Kf3 50. Kxa7 Ke4 51. Kb7
Kd5 52. a4 1-0

[Event "4NCL/Div4/ANGA2 vs. FCA2"]
[Site "Wokefield Park ENG"]
[Date "2008.05.03"]
[Round "9.1"]
[White "Reynolds, D Ian"]
[Black "Adebajo, Femi"]
[Result "1-0"]
[WhiteElo "2104"]
[BlackElo "2022"]
[PlyCount "117"]
[EventDate "2008.05.03"]
[EventType "team"]
[EventRounds "11"]
[EventCountry "ENG"]
[SourceDate "2007.09.15"]

1. e4 d5 2. exd5 Nf6 3. Bb5+ Nbd7 4. c4 a6 5. Ba4 b5 6. cxb5 Nxd5 7. Nc3 N5b6
8. Bc2 axb5 9. d4 b4 10. Ne4 e6 11. Nf3 Ba6 12. Bd3 Bxd3 13. Qxd3 Be7 14. O-O
h6 15. Bf4 Nd5 16. Bg3 O-O 17. Ned2 c5 18. Ne5 Nxe5 19. dxe5 Nc3 20. Qc2 Ne2+
21. Kh1 Nd4 22. Qc4 Qb6 23. f4 Qb7 24. Bf2 Rfd8 25. h3 Qd5 26. Qxd5 Rxd5 27.
Nc4 Ra6 28. Ne3 Rd8 29. Nc4 Rda8 30. Bxd4 cxd4 31. Rfd1 Rxa2 32. Rxa2 Rxa2 33.
Rxd4 Ra1+ 34. Kh2 Bc5 35. Rd8+ Kh7 36. Rd3 Rf1 37. Rf3 Rxf3 38. gxf3 Bd4 39. b3
Kg8 40. Kg2 Kf8 41. Kf1 Ke8 42. Ke2 f5 43. Kd3 Bf2 44. Nb2 Kd7 45. Kc4 Be1 46.
Nd3 Bd2 47. Kb5 g5 48. fxg5 hxg5 49. Nxb4 Be3 50. Nd3 Bd4 51. b4 Be3 52. Nc5+
Ke7 53. Kc6 Bd4 54. Nd3 f4 55. b5 Kf7 56. b6 Kg6 57. b7 Ba7 58. Kd6 Kf5 59. Kc7
1-0

[Event "4NCL/Div4/ANGA2 vs. FCA2"]
[Site "Wokefield Park ENG"]
[Date "2008.05.03"]
[Round "9.2"]
[White "Majer, Chris E"]
[Black "Savage, Nicholas W"]
[Result "1/2-1/2"]
[WhiteElo "2077"]
[BlackElo "2105"]
[PlyCount "43"]
[EventDate "2008.05.03"]
[EventType "team"]
[EventRounds "11"]
[EventCountry "ENG"]
[SourceDate "2007.09.15"]

1. e4 e5 2. Bc4 Nc6 3. Nc3 Nf6 4. d3 Na5 5. Nge2 Nxc4 6. dxc4 c6 7. O-O Be7 8.
b3 O-O 9. Qd3 d6 10. Rd1 Qc7 11. h3 Rd8 12. Qf3 Be6 13. Ng3 Rd7 14. Nf5 Bxf5
15. Qxf5 Rad8 16. Bb2 g6 17. Qf3 Nh5 18. Bc1 Ng7 19. Rd3 Ne6 20. Be3 Kg7 21.
Rad1 Qa5 22. a4 1/2-1/2

[Event "4NCL/Div4/ANGA2 vs. FCA2"]
[Site "Wokefield Park ENG"]
[Date "2008.05.03"]
[Round "9.3"]
[White "Lunn, Timothy"]
[Black "Kendall, Paul S N"]
[Result "1/2-1/2"]
[WhiteElo "2071"]
[BlackElo "2066"]
[PlyCount "72"]
[EventDate "2008.05.03"]
[EventType "team"]
[EventRounds "11"]
[EventCountry "ENG"]
[SourceDate "2007.09.15"]

1. Nf3 d5 2. d4 Nf6 3. c4 dxc4 4. e3 e6 5. Bxc4 a6 6. O-O c5 7. Nc3 Qc7 8. Qe2
Nc6 9. Rd1 Be7 10. a3 b5 11. Bd3 Bb7 12. dxc5 Bxc5 13. b4 Be7 14. Bb2 O-O 15.
Rac1 Rfd8 16. Ne4 Qb6 17. Nc5 Rac8 18. Nxb7 Qxb7 19. Ng5 h6 20. Ne4 e5 {=} 21.
Qf3 Qb6 22. Nc3 Rd6 23. Qf5 Rcd8 24. Ne4 g6 25. Nxf6+ Bxf6 26. Qe4 Bg7 27. g4
Ne7 28. Be2 Rxd1+ 29. Rxd1 Rxd1+ 30. Bxd1 Qe6 31. h3 Kh7 32. a4 f5 33. Qc2 Qd6
34. axb5 axb5 35. Qb3 Nd5 36. Be2 Qc6 1/2-1/2

[Event "4NCL/Div4/ANGA2 vs. FCA2"]
[Site "Wokefield Park ENG"]
[Date "2008.05.03"]
[Round "9.4"]
[White "Williamson, Kevin J"]
[Black "Feavyour, John"]
[Result "1/2-1/2"]
[WhiteElo "2032"]
[BlackElo "2094"]
[PlyCount "56"]
[EventDate "2008.05.03"]
[EventType "team"]
[EventRounds "11"]
[EventCountry "ENG"]
[SourceDate "2007.09.15"]

1. d4 d5 2. Nf3 Nf6 3. e3 Bg4 4. c4 e6 5. Qb3 Qc8 6. Nc3 c6 7. cxd5 exd5 8. Bd2
Be7 9. Rc1 O-O 10. Ne5 Be6 11. Bd3 Nbd7 12. f4 Nxe5 13. fxe5 Ne4 14. Qc2 f5 15.
exf6 Nxf6 16. O-O Qd7 17. Ne2 Rae8 18. Nf4 Bd6 19. Rce1 Ne4 20. Bxe4 dxe4 21.
Nxe6 Qxe6 22. b3 Qg4 23. Qc4+ Kh8 24. Rxf8+ Rxf8 25. Rf1 Rxf1+ 26. Qxf1 h6 27.
Be1 Qh5 28. Bg3 Bxg3 1/2-1/2

[Event "4NCL/Div4/ANGA2 vs. FCA2"]
[Site "Wokefield Park ENG"]
[Date "2008.05.03"]
[Round "9.5"]
[White "Ruthen, Steven"]
[Black "Valentine, Brian J"]
[Result "1-0"]
[WhiteElo "2050"]
[BlackElo "1995"]
[PlyCount "69"]
[EventDate "2008.05.03"]
[EventType "team"]
[EventRounds "11"]
[EventCountry "ENG"]
[SourceDate "2007.09.15"]

1. Nf3 d5 2. g3 g6 3. Bg2 Bg7 4. O-O Nf6 5. d4 O-O 6. c4 c6 7. Nc3 Nbd7 8. cxd5
Nxd5 9. e4 Nxc3 10. bxc3 e5 11. Bg5 Qa5 12. Qb3 Re8 13. Rad1 exd4 14. cxd4 h6
15. Bf4 Qb6 16. Qd3 Nf6 17. Ne5 Ng4 18. Nc4 Qa6 19. Nd6 Qxd3 20. Rxd3 Re7 21.
e5 h5 22. h3 Nh6 23. Bg5 Rd7 24. Re1 Kh7 25. f4 Nf5 26. Nxf5 gxf5 27. Bf3 Kg6
28. g4 hxg4 29. hxg4 Rc7 30. Bd8 Rd7 31. gxf5+ Kxf5 32. Be4+ Kg4 33. Bg5 Rc7
34. Kg2 f5 35. exf6 1-0

[Event "4NCL/Div4/ANGA2 vs. FCA2"]
[Site "Wokefield Park ENG"]
[Date "2008.05.03"]
[Round "9.6"]
[White "Elwin, Adrian G"]
[Black "Botham, Paul"]
[Result "1/2-1/2"]
[WhiteElo "2022"]
[BlackElo "2036"]
[PlyCount "46"]
[EventDate "2008.05.03"]
[EventType "team"]
[EventRounds "11"]
[EventCountry "ENG"]
[SourceDate "2007.09.15"]

1. Nf3 Nf6 2. c4 g6 3. Nc3 c5 4. d4 cxd4 5. Nxd4 d6 6. e4 Bg7 7. Be2 O-O 8. O-O
Nc6 9. Be3 Nxd4 10. Bxd4 Be6 11. Rc1 b6 12. f4 Bd7 13. Bf3 Rb8 14. b3 Bc6 15.
e5 Bxf3 16. Rxf3 dxe5 17. Bxe5 Qxd1+ 18. Rxd1 Rb7 19. Rfd3 Ng4 20. Bxg7 Kxg7
21. Ne4 Nf6 22. Nxf6 Kxf6 23. Kf2 Rc8 1/2-1/2

[Event "4NCL/Div4/GUI4 vs. CONQ1"]
[Site "Wokefield Park ENG"]
[Date "2008.05.03"]
[Round "9.1"]
[White "Richardson, Keith B"]
[Black "Ynojosa, Felix J"]
[Result "1-0"]
[WhiteElo "2194"]
[BlackElo "2089"]
[PlyCount "115"]
[EventDate "2008.05.03"]
[EventType "team"]
[EventRounds "11"]
[EventCountry "ENG"]
[SourceDate "2007.09.15"]

1. c4 Nf6 2. Nf3 e6 3. Nc3 d5 4. d4 Bb4 5. e3 O-O 6. Bd3 b6 7. cxd5 Qxd5 8. O-O
Bxc3 9. bxc3 Bb7 10. Re1 Nbd7 11. e4 Qh5 12. Bf4 c5 13. Ne5 Qxd1 14. Raxd1 Nxe5
15. dxe5 Nd7 16. Bb5 Nb8 17. Rd6 h6 18. f3 Rc8 19. Red1 Rc7 20. Rd8+ Kh7 21.
Kf2 Nc6 22. Rxa8 Bxa8 23. g4 Bb7 24. a4 g5 25. Bg3 Ne7 26. h4 a6 27. Be2 Bc8
28. Rb1 Rc6 29. h5 Kg7 30. f4 Bb7 31. Ke3 Nc8 32. f5 Kf8 33. Rf1 exf5 34. exf5
Rc7 35. Bf3 Bxf3 36. Kxf3 Rd7 37. Ke2 Ke7 38. Rd1 Rb7 39. Ke3 b5 40. axb5 axb5
41. Ke4 Nb6 42. f6+ Ke8 43. Rb1 Na4 44. Be1 Rb6 45. Kf5 Rb8 46. e6 c4 47. Bd2
Nc5 48. exf7+ Kxf7 49. Re1 Rb7 50. Bxg5 hxg5 51. h6 Kf8 52. Re7 Kg8 53. Kg6 Rb8
54. f7+ Kf8 55. Re8+ Rxe8 56. fxe8=Q+ Kxe8 57. h7 Kd7 58. h8=Q 1-0

[Event "4NCL/Div4/GUI4 vs. CONQ1"]
[Site "Wokefield Park ENG"]
[Date "2008.05.03"]
[Round "9.2"]
[White "Bailey, Kevin"]
[Black "Horton, Justin"]
[Result "1/2-1/2"]
[WhiteElo "2062"]
[BlackElo "2163"]
[PlyCount "82"]
[EventDate "2008.05.03"]
[EventType "team"]
[EventRounds "11"]
[EventCountry "ENG"]
[SourceDate "2007.09.15"]

1. e4 e5 2. Nf3 Nc6 3. Bb5 a6 4. Ba4 Nf6 5. d3 d6 6. c3 g6 7. Bg5 Bg7 8. Nbd2
O-O 9. Nf1 b5 10. Bb3 h6 11. Bxf6 Qxf6 12. Ne3 Be6 13. Bd5 Bxd5 14. Nxd5 Qd8
15. O-O Ne7 16. Nxe7+ Qxe7 17. a4 Qe6 18. Ra3 c5 19. axb5 axb5 20. Qa1 Rxa3 21.
Qxa3 f5 22. Nd2 fxe4 23. dxe4 Rb8 24. Qa7 Qe8 25. Ra1 Bf8 26. Nf1 Qc8 27. Ne3
Rb7 28. Qa6 Qd7 29. Nd5 Kf7 30. h3 h5 31. Qa8 Bg7 32. Ra6 Bf8 33. Ra1 Bh6 34.
Qh8 Bg7 35. Qa8 Bh6 36. b4 c4 37. Ra6 Bf8 38. Ra5 Kg7 39. Ra2 Qf7 40. Ra5 Qd7
41. Ra1 Be7 1/2-1/2

[Event "4NCL/Div4/GUI4 vs. CONQ1"]
[Site "Wokefield Park ENG"]
[Date "2008.05.03"]
[Round "9.3"]
[White "Dekker, Alain"]
[Black "Auckland, Elliott"]
[Result "1/2-1/2"]
[WhiteElo "2121"]
[BlackElo "1979"]
[PlyCount "54"]
[EventDate "2008.05.03"]
[EventType "team"]
[EventRounds "11"]
[EventCountry "ENG"]
[SourceDate "2007.09.15"]

1. e4 c5 2. Nf3 e6 3. d4 cxd4 4. Nxd4 a6 5. c4 Be7 6. Nc3 d6 7. Be2 Nf6 8. O-O
O-O 9. Be3 Qc7 10. Rc1 b6 11. f4 Bb7 12. Bf3 Nbd7 13. Nb3 Rac8 14. Nd2 Qb8 15.
Qe2 Bc6 16. g4 b5 17. g5 Ne8 18. Rfe1 b4 19. Nd1 Nc5 20. Bxc5 dxc5 21. e5 Bxf3
22. Qxf3 Qb6 23. Nf2 Rd8 24. Nde4 f6 25. exf6 gxf6 26. Qh3 f5 27. Ng3 Rd4
1/2-1/2

[Event "4NCL/Div4/GUI4 vs. CONQ1"]
[Site "Wokefield Park ENG"]
[Date "2008.05.03"]
[Round "9.4"]
[White "Foster, James C"]
[Black "Punnett, Alan K"]
[Result "0-1"]
[WhiteElo "1957"]
[BlackElo "2096"]
[PlyCount "38"]
[EventDate "2008.05.03"]
[EventType "team"]
[EventRounds "11"]
[EventCountry "ENG"]
[SourceDate "2007.09.15"]

1. e4 e6 2. d4 d5 3. exd5 exd5 4. c4 Bb4+ 5. Nc3 Ne7 6. Bd3 dxc4 7. Bxc4 O-O 8.
Nge2 c6 9. Bg5 Qa5 10. Qd2 h6 11. Bf4 Nd7 12. O-O Nb6 13. Bb3 Nbd5 14. Be5 Be6
15. a3 Nxc3 16. axb4 Nxe2+ 17. Kh1 Qb5 18. Bxe6 fxe6 19. Ra5 Ng3+ 0-1

[Event "4NCL/Div4/GUI4 vs. CONQ1"]
[Site "Wokefield Park ENG"]
[Date "2008.05.03"]
[Round "9.5"]
[White "Shepley, Julien M"]
[Black "Cork, David J"]
[Result "1-0"]
[WhiteElo "2123"]
[BlackElo "2019"]
[PlyCount "101"]
[EventDate "2008.05.03"]
[EventType "team"]
[EventRounds "11"]
[EventCountry "ENG"]
[SourceDate "2007.09.15"]

1. d4 Nf6 2. Bg5 Ne4 3. Bf4 c5 4. f3 Qa5+ 5. c3 Nf6 6. Nd2 cxd4 7. Nb3 Qf5 8.
Bxb8 Rxb8 9. Qxd4 b6 10. e4 e5 11. exf5 exd4 12. Nxd4 Bc5 13. O-O-O O-O 14. Bc4
d5 15. Bb3 Bxd4 16. Rxd4 Bxf5 17. g4 Be6 18. g5 Nd7 19. Bxd5 Ne5 20. Bxe6 fxe6
21. Kc2 Rbd8 22. Rxd8 Rxd8 23. f4 Ng4 24. Ne2 Ne3+ 25. Kc1 Rf8 26. Kd2 Nd5 27.
Rf1 e5 28. c4 Nxf4 29. Nxf4 exf4 30. Kd3 Rd8+ 31. Kc3 Rf8 32. Rf2 Rf5 33. h4
Kf7 34. Kd4 Kg6 35. Ke4 Ra5 36. b3 f3 37. Kxf3 Kh5 38. Kf4 Rc5 39. a4 a6 40.
Rd2 Rc7 41. Rd6 Rb7 42. Kg3 b5 43. axb5 axb5 44. c5 Re7 45. Rd3 b4 46. Kf4 Kxh4
47. Rd4 Rf7+ 48. Ke5+ Kxg5 49. c6 Rf5+ 50. Kd6 h5 51. Rd5 1-0

[Event "4NCL/Div4/GUI4 vs. CONQ1"]
[Site "Wokefield Park ENG"]
[Date "2008.05.03"]
[Round "9.6"]
[White "Suarez Prendes, Rufino"]
[Black "Stimpson, Philip M"]
[Result "0-1"]
[WhiteElo "1881"]
[BlackElo "2075"]
[PlyCount "69"]
[EventDate "2008.05.03"]
[EventType "team"]
[EventRounds "11"]
[EventCountry "ENG"]
[SourceDate "2007.09.15"]

1. e4 d5 2. exd5 Nf6 3. Bb5+ Nbd7 4. Nc3 a6 5. Be2 Nb6 6. Nf3 Nbxd5 7. Nxd5
Nxd5 8. c4 Nf4 9. O-O e6 10. d4 Nxe2+ 11. Qxe2 Be7 12. a3 O-O 13. b4 b5 14. Qe4
Rb8 15. c5 Qd5 16. Qxd5 exd5 17. Bf4 Rb7 18. Rfe1 Bf6 19. Rac1 Be6 20. Be5 c6
21. Bxf6 gxf6 22. Nh4 Ra8 23. f4 Kf8 24. f5 Bd7 25. Re3 a5 26. Rce1 axb4 27.
axb4 Ra4 28. Rb1 Ra2 29. g4 Rba7 30. Nf3 Rc2 31. Kf1 Raa2 32. Rbe1 Rf2+ 33. Kg1
Rg2+ 34. Kh1 Rxg4 35. R3e2 0-1

[Event "4NCL/Div4/PPA2 vs. GLOSG"]
[Site "Wokefield Park ENG"]
[Date "2008.05.03"]
[Round "9.1"]
[White "Richter, Hans"]
[Black "Lambourne, Daniel M"]
[Result "1/2-1/2"]
[WhiteElo "2144"]
[BlackElo "2100"]
[PlyCount "39"]
[EventDate "2008.05.03"]
[EventType "team"]
[EventRounds "11"]
[EventCountry "ENG"]
[SourceDate "2007.09.15"]

1. d4 Nf6 2. c4 g6 3. Nc3 d5 4. Nf3 Bg7 5. Bg5 c6 6. e3 O-O 7. Qb3 e6 8. Bd3
Nbd7 9. O-O Qb6 10. Qc2 dxc4 11. Bxc4 c5 12. Na4 Qc6 13. dxc5 Nxc5 14. Nxc5
Qxc5 15. Rac1 b5 16. Be2 Qxc2 17. Rxc2 b4 18. Nd4 Bb7 19. Rfc1 a5 20. Bf3
1/2-1/2

[Event "4NCL/Div4/PPA2 vs. GLOSG"]
[Site "Wokefield Park ENG"]
[Date "2008.05.03"]
[Round "9.2"]
[White "Ponter, Ian"]
[Black "Goodger, Martyn"]
[Result "1/2-1/2"]
[WhiteElo "2052"]
[BlackElo "2180"]
[PlyCount "66"]
[EventDate "2008.05.03"]
[EventType "team"]
[EventRounds "11"]
[EventCountry "ENG"]
[SourceDate "2007.09.15"]

1. e4 e5 2. Nf3 Nf6 3. Nxe5 d6 4. Nf3 Nxe4 5. Nc3 Nxc3 6. dxc3 Be7 7. Bf4 O-O
8. Qd2 Nd7 9. O-O-O Nc5 10. Bd3 Nxd3+ 11. Qxd3 Qd7 12. Kb1 Qg4 13. Qe3 Bf6 14.
h3 Qd7 15. g4 Re8 16. Qd3 Qa4 17. Bg5 Be5 18. Be3 Be6 19. b3 Qc6 20. Nd4 Bxd4
21. Qxd4 {=} a5 22. f4 f6 23. Rhe1 a4 24. b4 Bf7 25. Bc1 Qg2 26. Qd3 Qc6 27. f5
Bc4 28. Qd4 Bf7 29. a3 Qd7 30. c4 Re7 31. Rxe7 Qxe7 32. g5 Qe5 33. gxf6 Qxd4
1/2-1/2

[Event "4NCL/Div4/PPA2 vs. GLOSG"]
[Site "Wokefield Park ENG"]
[Date "2008.05.03"]
[Round "9.3"]
[White "McCorry, Robert T"]
[Black "Hosken, Nigel"]
[Result "0-1"]
[WhiteElo "2097"]
[BlackElo "2021"]
[PlyCount "86"]
[EventDate "2008.05.03"]
[EventType "team"]
[EventRounds "11"]
[EventCountry "ENG"]
[SourceDate "2007.09.15"]

1. e4 c5 2. Nf3 e6 3. d4 cxd4 4. Nxd4 Nc6 5. Be3 Qc7 6. Nc3 a6 7. Bd3 Nf6 8.
O-O Ne5 9. Kh1 Neg4 10. Nf3 Nxe3 11. fxe3 Bd6 12. e5 Bxe5 13. Nxe5 Qxe5 14. Qf3
O-O 15. Na4 d5 16. Nb6 Rb8 17. c3 Nd7 18. Nxc8 Rbxc8 19. Qh3 g6 20. Rf4 Nc5 21.
Bc2 f5 22. Qf3 Ne4 23. Bxe4 dxe4 24. Qe2 Rfd8 25. Rd1 Rxd1+ 26. Qxd1 Qd5 27.
Qxd5 exd5 28. Rf1 Kf7 29. Rd1 Ke6 30. Kg1 g5 31. g3 b5 32. Rd4 Ke5 33. Kf2 h5
34. a4 Rc4 35. axb5 axb5 36. Rd2 b4 37. cxb4 Rxb4 38. Kg2 Rb3 39. Kf2 Rb5 40.
Ke1 f4 41. Kf2 fxe3+ 42. Kxe3 d4+ 43. Ke2 e3 0-1

[Event "4NCL/Div4/PPA2 vs. GLOSG"]
[Site "Wokefield Park ENG"]
[Date "2008.05.03"]
[Round "9.4"]
[White "Taylor, Geoffrey P"]
[Black "McMahon, Paul"]
[Result "1/2-1/2"]
[WhiteElo "2041"]
[BlackElo "2018"]
[PlyCount "43"]
[EventDate "2008.05.03"]
[EventType "team"]
[EventRounds "11"]
[EventCountry "ENG"]
[SourceDate "2007.09.15"]

1. e4 e5 2. Nf3 Nc6 3. Bc4 Nf6 4. d3 Bc5 5. O-O d6 6. c3 Be6 7. Bb5 a6 8. Ba4
b5 9. Bc2 d5 10. exd5 Qxd5 11. Ng5 Bg4 12. Qe1 O-O 13. Nd2 Rae8 14. Nde4 Nxe4
15. dxe4 Qd6 16. Be3 h6 17. Nf3 Bxf3 18. gxf3 Nd8 19. Kh1 Kh8 20. Rd1 Qb6 21.
Rd5 Bxe3 22. Qxe3 1/2-1/2

[Event "4NCL/Div4/PPA2 vs. GLOSG"]
[Site "Wokefield Park ENG"]
[Date "2008.05.03"]
[Round "9.5"]
[White "Morris, Simon"]
[Black "Meade, Philip J"]
[Result "1-0"]
[WhiteElo "1900"]
[BlackElo "2020"]
[PlyCount "51"]
[EventDate "2008.05.03"]
[EventType "team"]
[EventRounds "11"]
[EventCountry "ENG"]
[SourceDate "2007.09.15"]

1. e4 c5 2. Nf3 e6 3. d4 cxd4 4. c3 dxc3 5. Nxc3 Nc6 6. Bc4 d6 7. Qe2 a6 8. O-O
Be7 9. Rd1 Bd7 10. Bf4 e5 11. Be3 Nf6 12. h3 O-O 13. Nd5 Nxd5 14. Bxd5 Rc8 15.
b4 b5 16. a3 h6 17. Rac1 Qe8 18. Rc2 Be6 19. Rdc1 Nb8 20. Rxc8 Bxc8 21. Nh2 Qd7
22. Ng4 Kh7 23. Nxh6 gxh6 24. Qh5 Bb7 25. Bxh6 Rd8 26. Bf8+ 1-0

[Event "4NCL/Div4/PPA2 vs. GLOSG"]
[Site "Wokefield Park ENG"]
[Date "2008.05.03"]
[Round "9.6"]
[White "Dodwell, Phil"]
[Black "Rudd, David R"]
[Result "1/2-1/2"]
[WhiteElo "2015"]
[BlackElo "1920"]
[PlyCount "71"]
[EventDate "2008.05.03"]
[EventType "team"]
[EventRounds "11"]
[EventCountry "ENG"]
[SourceDate "2007.09.15"]

1. e4 Nf6 2. Nc3 d5 3. e5 d4 4. Nce2 Ng4 5. f4 c5 6. Ng3 Nc6 7. Bc4 Nh6 8. Nf3
e6 9. O-O Be7 10. d3 O-O 11. a4 a6 12. Bd2 Na5 13. Ba2 Bd7 14. Qe1 Nc6 15. a5
b5 16. axb6 Qxb6 17. Rb1 Nb4 18. Bxb4 cxb4 19. h3 Rac8 20. Bc4 Bc6 21. Qe2 Rfd8
22. Kh1 Bd5 23. b3 Bxc4 24. dxc4 Rd7 25. Qd3 Rcd8 26. Ra1 Ra8 27. Ra4 a5 28.
Ng5 g6 29. N5e4 Nf5 30. Nxf5 exf5 31. Nd2 f6 32. Nf3 Bc5 33. Re1 fxe5 34. fxe5
Re7 35. Raa1 Rae8 36. Re2 1/2-1/2

[Event "4NCL/Div4/LIT1 vs. SSC"]
[Site "Wokefield Park ENG"]
[Date "2008.05.03"]
[Round "9.1"]
[White "Mansson, James C"]
[Black "Elliston, Robert"]
[Result "0-1"]
[WhiteElo "2172"]
[BlackElo "2114"]
[PlyCount "78"]
[EventDate "2008.05.03"]
[EventType "team"]
[EventRounds "11"]
[EventCountry "ENG"]
[SourceDate "2007.09.15"]

1. Nf3 d6 2. d4 Nd7 3. e4 g6 4. c4 Bg7 5. Nc3 e5 6. Be2 Ngf6 7. Be3 O-O 8. Qd2
Ng4 9. Bg5 f6 10. Bh4 Nh6 11. Rd1 Nf7 12. h3 c6 13. d5 c5 14. Rb1 Bh6 15. Qc2
Kg7 16. g4 Bf4 17. a3 Ng5 18. Bxg5 fxg5 19. b4 b6 20. Qa4 Bb7 21. Nb5 Nf6 22.
bxc5 dxc5 23. Qc2 Ba6 24. Nc3 Ne8 25. Qa4 Bc8 26. Kf1 Nd6 27. Kg2 Qf6 28. Kf1
Bd2 29. Nd1 Nxe4 30. Qc2 Qf4 31. Qb2 Re8 32. Qb5 Qf7 33. Qb2 Bf4 34. Nc3 Nd6
35. Re1 Ba6 36. Nd2 Bxd2 37. Qxd2 Qf4 38. Qc2 Rf8 39. Bd3 Bxc4 0-1

[Event "4NCL/Div4/LIT1 vs. SSC"]
[Site "Wokefield Park ENG"]
[Date "2008.05.03"]
[Round "9.2"]
[White "Michaud, Gerald"]
[Black "Jones, Christopher M"]
[Result "1/2-1/2"]
[WhiteElo "2052"]
[BlackElo "2145"]
[PlyCount "59"]
[EventDate "2008.05.03"]
[EventType "team"]
[EventRounds "11"]
[EventCountry "ENG"]
[SourceDate "2007.09.15"]

1. d4 d6 2. c4 e5 3. dxe5 dxe5 4. Qxd8+ Kxd8 5. Nf3 f6 6. g3 Be6 7. b3 c6 8.
Bg2 Nd7 9. O-O Bc5 10. Nbd2 Kc7 11. Bb2 Nh6 12. Ne4 Be7 13. Rac1 Nf7 14. Rfd1
Rhe8 15. h4 Nc5 16. Nfd2 Rad8 17. Nxc5 Bxc5 18. Ne4 Be7 19. Kh2 Bg4 20. f3 Bf5
21. Nc3 Bc5 22. e4 Bc8 23. Bh3 Rxd1 24. Rxd1 Rd8 25. Rxd8 Nxd8 26. Bxc8 Kxc8
27. Ne2 Ne6 28. Kg2 Be3 29. Bc1 Bxc1 30. Nxc1 1/2-1/2

[Event "4NCL/Div4/LIT1 vs. SSC"]
[Site "Wokefield Park ENG"]
[Date "2008.05.03"]
[Round "9.3"]
[White "Gibson, Christopher A"]
[Black "Grant, David"]
[Result "1/2-1/2"]
[WhiteElo "2039"]
[BlackElo "1964"]
[PlyCount "61"]
[EventDate "2008.05.03"]
[EventType "team"]
[EventRounds "11"]
[EventCountry "ENG"]
[SourceDate "2007.09.15"]

1. d4 d5 2. c4 c6 3. Nf3 Nf6 4. Nc3 e6 5. Bg5 Nbd7 6. e3 Be7 7. Rc1 O-O 8. Bd3
dxc4 9. Bxc4 b5 10. Bd3 a6 11. O-O c5 12. Ne4 c4 13. Bb1 Bb7 14. Nfd2 Nxe4 15.
Bxe7 Qxe7 16. Nxe4 Rac8 17. Qc2 g6 18. Qe2 Rfd8 19. Rfd1 e5 20. d5 f5 21. Ng3
e4 22. f3 Nf6 23. fxe4 fxe4 24. Rd4 Bxd5 25. Rcd1 Bb7 26. Qd2 Rxd4 27. Qxd4 Bd5
28. Rf1 Rf8 29. Rxf6 Qxf6 30. Qxd5+ Kh8 31. Qd2 1/2-1/2